01080nab a22002057a 4500003000400000005001700004008004100021040000700062245013900069260007200208300001400280500005000294505011200344505012700456505008900583650002000672650002000692650003000712773013200742OSt20260116175325.0190605e xxu||||| |||| 00| 0 spa d cPJ10a¿Cuánto cuesta quejarse? El depósito previo y la (potencial) vulnerabilidad del profesional independiente /cMaría Sol Loredo.  aCiudad Autónoma de Buenos Aires :bThomson Reuters La Ley,c2025. ap. 98-103 aCita Online: Cita: TR LALEY AR/DOC/854/2025. aSumario: I. Introducción.— II. Hechos.— III. Lo señalado por el Alto Tribunal.— IV. Comentarios.  aFallo comentado: CS ~ 06/03/2025 ~ Perini, Julio César c. Municipalidad de Villa del Rosario s/ medida autosatisfactiva. t¿Te interesa el texto completo? Solicitalo al correo: koha@justierradelfuego.gov.ar 0aDERECHO LABORAL 0aDEPOSITO PREVIO 0aMEDIDAS AUTOSATISFACTIVAS0 02711dCiudad Autónoma de Buenos Aires : Thomson Reuters La Ley, 1999-2002.tRevista de derecho del trabajo. Nº 3 - Mayo 2025